The Best Of You - Isak Danielson - All Lyrics - Statistics

General Stats
  • This quiz has been taken 4 times
  • The average score is 156 of 259
Answer Stats
Answer % Correct
a
100%
best
100%
could
100%
have
100%
I
100%
I'm
100%
in
100%
me
100%
my
100%
of
100%
on
100%
one
100%
see
100%
the
100%
to
100%
when
100%
you
100%
you,
100%
You
100%
your
100%
all
50%
But
50%
but
50%
can
50%
couldn't
50%
day
50%
don't
50%
down
50%
from
50%
go
50%
gone
50%
It
50%
I've
50%
just
50%
left
50%
like
50%
made
50%
make
50%
never
50%
nothing
50%
pull
50%
Should
50%
something
50%
stay
50%
than
50%
that
50%
There's
50%
there's
50%
think
50%
this
50%
tries
50%
way
50%
you're
50%
alive
0%
around
0%
away
0%
become
0%
breath
0%
clearer
0%
dived
0%
easy
0%
eating
0%
eyes
0%
find
0%
finger
0%
future
0%
into
0%
letting
0%
life
0%
lifetime
0%
live
0%
look
0%
mess
0%
mirror
0%
now
0%
person
0%
reflection
0%
rest
0%
Scared
0%
slip
0%
slowly
0%
tried
0%
was
0%
water
0%
wine
0%
wrapped
0%
No matching quizzes found
Score Distribution
Percent of People with Each Score
Percentile by Number Answered
Your Score History
You have not taken this quiz